[Event "RUS-ch sf 58th"]
[Site "Kazan"]
[Date "2005.09.11"]
[Round "9"]
[White "Sorokin, Maxim"]
[Black "Inarkiev, Ernesto"]
[Result "1/2-1/2"]
[WhiteElo "2567"]
[BlackElo "2618"]
[PlyCount "87"]
[EventDate "2005.09.03"]
[EventType "swiss"]
[EventRounds "9"]
[EventCountry "RUS"]
[SourceTitle "CBM 109"]
[Source "ChessBase"]
[SourceDate "2005.11.14"]
[SourceVersion "1"]
[SourceVersionDate "2005.11.14"]
[SourceQuality "1"]

1. e4 c5 2. c3 d6 3. d4 Nf6 4. Bd3 g6 5. Nf3 Bg7 6. 0-0 0-0 7. Re1 Qc7 8. h3 Nfd7 9. Bg5 Nc6 10. d5 Nce5 11. Bxe7 Nxf3+ 12. gxf3 Re8 13. Bg5 h6 14. Bf4 Nf6 15. Bh2 Bxh3 16. Nd2 Rad8 17. Kh1 Nh5 18. f4 f5 19. Re3 Bg4 20. Qg1 Nf6 21. Rae1 c4 22. Bc2 b5 23. f3 Bh5 24. Nf1 fxe4 25. fxe4 Nxe4 26. Qg2 Nf6 27. Rxe8+ Rxe8 28. Rxe8+ Nxe8 29. Bxg6 Bxg6 30. Qxg6 Nf6 31. Ne3 Qf7 32. Qf5 Qh5 33. Qxh5 Nxh5 34. Kg2 Kf7 35. Kf3 Nf6 36. Bg3 Nd7 37. Nf5 Bf8 38. Bf2 a6 39. Bd4 Kg6 40. Nh4+ Kh5 41. Nf5 Kg6 42. Nh4+ Kh5 43. Nf5 Kg6 44. Ke4 1/2-1/2

[Event "RUS-ch sf 58th"]
[Site "Kazan"]
[Date "2005.09.08"]
[Round "6"]
[White "Bryzgalin, Kirill"]
[Black "Sorokin, Maxim"]
[Result "1/2-1/2"]
[WhiteElo "2480"]
[BlackElo "2567"]
[PlyCount "51"]
[EventDate "2005.09.03"]
[EventType "swiss"]
[EventRounds "9"]
[EventCountry "RUS"]
[SourceTitle "CBM 109"]
[Source "ChessBase"]
[SourceDate "2005.11.14"]
[SourceVersion "1"]
[SourceVersionDate "2005.11.14"]
[SourceQuality "1"]

1. e4 Nf6 2. e5 Nd5 3. d4 d6 4. Nf3 Bg4 5. Be2 e6 6. c4 Nb6 7. exd6 cxd6 8. 0-0 Be7 9. Nbd2 Nc6 10. b3 0-0 11. Bb2 a5 12. a3 d5 13. c5 Nd7 14. Bc3 b6 15. b4 bxc5 16. dxc5 e5 17. b5 d4 18. bxc6 Nxc5 19. Bxa5 Rxa5 20. Nxd4 Bxe2 21. Nxe2 Ra6 22. Nc4 e4 23. Qxd8 Rxd8 24. c7 Rc8 25. Rab1 Rxc7 26. Nf4 1/2-1/2

[Event "RUS-ch sf 58th"]
[Site "Kazan"]
[Date "2005.09.04"]
[Round "2"]
[White "Kobalia, Mihail"]
[Black "Sorokin, Maxim"]
[Result "1-0"]
[WhiteElo "2614"]
[BlackElo "2567"]
[PlyCount "111"]
[EventDate "2005.09.03"]
[EventType "swiss"]
[EventRounds "9"]
[EventCountry "RUS"]
[SourceTitle "CBM 109"]
[Source "ChessBase"]
[SourceDate "2005.11.14"]
[SourceVersion "1"]
[SourceVersionDate "2005.11.14"]
[SourceQuality "1"]

1. e4 e5 2. Nf3 Nc6 3. Bc4 Bc5 4. c3 Nf6 5. d3 a6 6. Bb3 Ba7 7. h3 d6 8. Nbd2 0-0 9. Nf1 d5 10. Qe2 Re8 11. Ng3 h6 12. Nh2 Be6 13. Ng4 dxe4 14. dxe4 Bxb3 15. axb3 Re6 16. Bd2 Ne7 17. 0-0-0 Qe8 18. Kc2 Qb5 19. Qxb5 axb5 20. Ra1 Nxg4 21. hxg4 Ra6 22. Rxa6 bxa6 23. f3 Bf2 24. Nf5 Nxf5 25. gxf5 f6 26. Ra1 Kf7 27. Kd3 Bc5 28. c4 c6 29. cxb5 cxb5 30. Rc1 Rd8+ 31. Ke2 Bd4 32. Rc7+ Kg8 33. Bc3 Bxc3 34. bxc3 Rd6 35. g4 Kf8 36. Ra7 Kg8 37. Ke3 Kf8 38. Ra8+ Kf7 39. b4 Ke7 40. Rg8 Kf7 41. Ra8 Ke7 42. Kf2 Rc6 43. Kg3 Kf7 44. Kh4 g6 45. Ra7+ Kg8 46. fxg6 Rxc3 47. g5 fxg5+ 48. Kh5 Rxf3 49. Kxh6 Rf8 50. Rg7+ Kh8 51. Rf7 Rd8 52. Kxg5 Rd1 53. Kf6 Kg8 54. Ra7 Rd6+ 55. Kg5 Rd1 56. Rxa6 1-0